| 000 | 00928nam a2200301 a 4500 | ||
|---|---|---|---|
| 003 | AR-BaBNM | ||
| 005 | 20251128203829.0 | ||
| 008 | 082120s2002 ||||||||||||||000 | spa|| | ||
| 040 | _cAR-BaBNM | ||
| 100 | 1 | _aBent, Rudyard K. | |
| 245 | 0 | 0 |
_aFundamentos de la educación secundaria _n2 |
| 250 | _a2ª ed. | ||
| 260 |
_aMéxico, D.F. _bHispano Americana _c1952 |
||
| 300 | _ap. 357-681 | ||
| 490 | 0 | _aBiblioteca clásicos y modernos de educación | |
| 504 | _aBibliografía al final de cada capítulo | ||
| 650 | 4 | _aPLAN DE ESTUDIOS DE SECUNDARIA | |
| 650 | 4 | _aPLANIFICACION DEL PLAN DE ESTUDIOS | |
| 650 | 4 | _aENSEÑANZA DE LAS MATEMATICAS | |
| 650 | 4 | _aRELACION ESCUELA-COMUNIDAD | |
| 653 | _aEDUCACION SECUNDARIA | ||
| 653 | _aORIENTACION EDUCATIVA | ||
| 653 | _aORIENTACION VOCACIONAL | ||
| 700 | 1 | _aKronenberg, Henry H. | |
| 700 | 1 |
_aTirado Benedi, Domingo _etraductor |
|
| 942 | _cBK | ||
| 998 | _cCarmen | ||
| 999 |
_c5077 _d5077 |
||